Sigle cartoni animati - Cristina D'Avena - Statistics

Statistiche generali
  • Questo quiz è stato fatto 175 volte
  • Il punteggio medio è 8 su 19
Statistiche sulle risposte
Testo Risposta % Corretto
Guarda guarda in campo c'è una nuova giocatriceMila il suo nome è e talento ha per tre Mila e Shiro
96%
Sulla cima dell'Olimpo c'è una magica cittàgli abitanti dell'Olimpo sono le divinità poi lì c'è una bambina che ancora dea non è Pollon
82%
Un giorno di pioggia Andrea e Giulianoincontrano Licia per caso poi Mirko finita la pioggia incontra e si scontra con Licia e cosiiiiiiiiiiiiiiiii Kiss me Licia
79%
Io conosco un grosso gattosempre allegro e soddisfatto con la testa rotondissima è davvero intelligente furbo e sorridente Doraemon
78%
Tre ragazze bellissimetre sorelle furbissime son tre ladre abilissime molto sveglie e agilissime Occhi di gatto
76%
...sanno che ogni arbustoè speciale e un giorno fiorirà stanno attenti sai a non strappare proprio mai i fiori e tutto il verde che nel bosco c'è I Puffi
66%
Raggio di luna che rendi la notte romanticacon quella luce che avvolge la sera bianca e pallida Sailor Moon
48%
...nel suo bel mondo che pare fatato E poi d’incanto non è più bambina, ma si risveglia di già ragazzina Georgie
41%
E' timido e sincerodi tutti tutto sa poiché legge nel pensiero oh oh oh è quasi magia E' quasi magia Johnny
40%
Qui nella nostra classe abbiamo un gruppo di ragazziche trattan gli insegnanti come fossero pupazzi Ragazze state buone altrimenti la pagate perchè a noi piace far così perciò non vi impicciate Rossana
38%
Perché è furbissimo, simpaticissimoè un picchio furbo e divertente che fa soltanto quello che gli va la sua presenza è prorompente per simpatia e vivacità Picchiarello
36%
Questa scuolaprende solo i mattacchioni questa scuola non è adatta ai secchioni Ma che scuola è? Scuola di polizia
31%
Sempre affamato mangi per centofai le boccacce appena puoi non stai mai fermo per un momento sei più veloce anche del vento Tazmania
28%
Pari-pam-pum, eccomi qua pari-pam-pum, ma chi lo sa se babbo, mamma e Toshio lo san che Yu son proprio io pari-pam-pum spesso lo sai pari-pam-pum combino guai ma Posi e Nega in coppia son qua e il guaio presto sparirà L'incantevole Creamy
20%
Judy non ha nessunoche guidarla potrà ma ecco l'ombra di qualcuno che tutto ciò cambierà Papà Gambalunga
19%
in quest'avventura un segreto c'e'
ma nessuno al mondo sa qual e'
in quest'avventura un mistero c'e'
e vorrei scoprirlo insieme a te
Il mistero della pietra azzurra
18%
Gira per la cittàe in attimo è qua proprio qua ci piace ........ ci piace com'è Batman
16%
Non ubbidisci maiti cacci in tanti guai però sei proprio un gran simpaticone Per strada insieme a te sei tu che porti me e non so più chi di noi due è il padrone Beethoven
10%
Colori il mondo con la tua simpatia Davvero eccezionale Hai una vocina che sprigiona sempre Tanta allegria Sei proprio come me Bentornato Topo Gigio
7%
Nessun quiz corrispondente trovato
Distribuzione punteggi
Percentuale di utenti per punteggio
Percentile per numero di risposta
I tuoi punteggi nel tempo
Non hai fatto questo quiz